|
|
|
|
| LEADER |
00000cam a2200000 7i4500 |
| 001 |
0000000325 |
| 005 |
20000828.0 |
| 020 |
0 |
0 |
|a 0201119692
|
| 090 |
0 |
0 |
|a 005
|b FRE 1987
|
| 100 |
1 |
0 |
|a FREEMAN
|h Peter
|c 1941-
|
| 245 |
1 |
0 |
|a Software perspectives :
|b The system is the message
|c Peter Freeman
|
| 260 |
0 |
0 |
|a Reading, Mass., USA :
|b Addison-Wesley Pub. ,
|c 1987
|
| 300 |
|
|
|a xxv, 294 p. :
|b ill. ;
|c 24cm.
|
| 500 |
0 |
0 |
|a Bibliography: [p. 281-287]
|
| 650 |
0 |
0 |
|a Computer software
|
| 999 |
|
|
|a 0000000329
|b Monograph
|c Open Shelf
|e Default branch
|
| 999 |
|
|
|a 0000000955
|b Monograph
|c Open Shelf
|e Default branch
|